QUALITY FOOD PREPARATION TECHNIQUES AND MANAGEMENT OF FRUITIS (Record no. 216175)
[ view plain ]
| 000 -LEADER | |
|---|---|
| fixed length control field | 00559nam a22001817a 4500 |
| 008 - FIXED-LENGTH DATA ELEMENTS--GENERAL INFORMATION | |
| fixed length control field | 251112b |||||||| |||| 00| 0 eng d |
| 020 ## - INTERNATIONAL STANDARD BOOK NUMBER | |
| International Standard Book Number | 979-8-88715-069-7 |
| 050 ## - LIBRARY OF CONGRESS CALL NUMBER | |
| Classification number | TX 546 .H36 2023 |
| Item number | 1 |
| 100 ## - MAIN ENTRY--PERSONAL NAME | |
| Personal name | HAMPTON,EMILY M. |
| 245 ## - TITLE STATEMENT | |
| Title | QUALITY FOOD PREPARATION TECHNIQUES AND MANAGEMENT OF FRUITIS |
| 250 ## - EDITION STATEMENT | |
| Edition statement | 1ST ED. |
| 260 ## - PUBLICATION, DISTRIBUTION, ETC. | |
| Place of publication, distribution, etc. | DUBLIN,OH |
| Name of publisher, distributor, etc. | ORYSON PRESS |
| Date of publication, distribution, etc. | 2023 |
| 300 ## - PHYSICAL DESCRIPTION | |
| Extent | VI,298P.:ILL. |
| 500 ## - GENERAL NOTE | |
| General note | INCLUDES INDEX |
| 650 ## - SUBJECT ADDED ENTRY | |
| Topical term or geographic name entry element | FRUIT-PROCESSING, FOOD- PREPARATION, FOOD SERVICE - MANAGEMENT |
| 942 ## - ADDED ENTRY ELEMENTS (KOHA) | |
| Source of classification or shelving scheme | Library of Congress Classification |
| Koha item type | Long Loan Book |
| Withdrawn status | Lost status | Source of classification or shelving scheme | Damaged status | Not for loan | Collection | Home library | Current library | Date acquired | Inventory number | Total checkouts | Full call number | Barcode | Date last seen | Copy number | Price effective from | Koha item type |
|---|---|---|---|---|---|---|---|---|---|---|---|---|---|---|---|---|
| Library of Congress Classification | Science & Technology | Kisii University Library | Kisii University Library | 11/12/2025 | 109737 | TX 546 .H36 2023 | 000000024803 | 11/12/2025 | 1 | 11/12/2025 | Long Loan Book | |||||
| Library of Congress Classification | Science & Technology | Kisii University Library | Kisii University Library | 11/12/2025 | 109738 | TX 546 .H36 2023 | 000000024802 | 11/12/2025 | 2 | 11/12/2025 | Long Loan Book | |||||
| Library of Congress Classification | Science & Technology | Kisii University Library | Kisii University Library | 11/12/2025 | 109739 | TX 546 .H36 2023 | 000000024801 | 11/12/2025 | 3 | 11/12/2025 | Long Loan Book | |||||
| Library of Congress Classification | Science & Technology | Kisii University Library | Kisii University Library | 11/12/2025 | 109740 | TX 546 .H36 2023 | 000000024800 | 11/12/2025 | 4 | 11/12/2025 | Long Loan Book |